Χημικές βιομηχανίες
Αποθηκεύτηκε σε:
| Συγγραφή απο Οργανισμό/Αρχή: | |
|---|---|
| Μορφή: | Βιβλίο |
| Γλώσσα: | Greek |
| Δημοσίευση: |
Αθήνα :
Κέντρο Προγραμματισμού και Οικονομικών Ερευνών,
1990
|
| Σειρά: | Εκθέσεις για το πρόγραμμα 1988-1992 ;
; 17 |
| Θέματα: | |
| Ετικέτες: |
Προσθήκη ετικέτας
Δεν υπάρχουν, Καταχωρήστε ετικέτα πρώτοι!
|
MARC
| LEADER | 00000nam a2200000 i 4500 | ||
|---|---|---|---|
| 001 | 1/98271 | ||
| 008 | 950309s1990 gre d | ||
| 035 | |l 10010873 | ||
| 040 | |a GR-MY-UA |b gre |e aacr | ||
| 041 | 0 | |a gre | |
| 082 | 0 | |a 338.476609495 | |
| 245 | 1 | 0 | |a Χημικές βιομηχανίες |
| 260 | |a Αθήνα : |b Κέντρο Προγραμματισμού και Οικονομικών Ερευνών, |c 1990 | ||
| 300 | |a 390 σελ | ||
| 490 | 1 | |a Εκθέσεις για το πρόγραμμα 1988-1992. Χημικές βιομηχανίες |v ; 17 | |
| 650 | 0 | 0 | |a Chemical industry |z Greece. |
| 710 | 2 | |a Κέντρο Προγραμματισμού και Οικονομικών Ερευνών. | |
| 830 | 0 | |a Εκθέσεις για το πρόγραμμα 1988-1992 ; |v ; 17 | |
| 852 | |a INST |b CHIOS |e 19990209 |h 338.476609495 ΚΕΝ |p 005200014899 |q 005200014899 |t BK |y 0 | ||
| 852 | |a INST |b LESVOS |e 19950309 |h 338.476609495 ΚΕΝ |p 005100002536 |q 005100002536 |t BK |y 0 | ||
| 909 | |a Λ |b 018588 | ||
| 909 | |a Χ |b 055323 | ||
| 922 | |a 1ΔΩΡ |b 199012 |c ΚΕΠΕ | ||
| 922 | |a 2ΔΩΡ |b 199902 |d ΛΕΜΟΝΙΑ | ||